000 00910nam a22002057a 4500
003 3228
005 20260604113219.0
008 250611b sa ||||| |||| 00| 0 eng d
020 _a9780639605920
_qpbk
040 _aRDA
_c3228
041 _2E
082 _aAF SWAN
100 _aSwanepoel, Salma
_9190562
245 _aTweede viool
_cSwanepoel, Salma
260 _aPretoria, South Africa
_bRomanza
_c2021
300 _a205 pages
_c17 cm
504 _6Martie haat haar werk, maar sy sal enigiests doen om te verseker dat haar sussie die geleenthede kry wat syself nooit gehad het nie. Sy is al so gewoond aan tweede viool speel dat self die vervelige papegaaiwerk haar eintlik nie meer pla nie. Dit help egter nie dat sy lyk en voel soos 'n lawwe, veelkleurige parkiet tussen 'n klomp stemmige African Greys nie.
521 _aAdult
942 _2ddc
_cBOOK
_w6197
_xNontobeko Sigudla
_y296
_zPhillipina Naude
999 _c777615
_d777614